|
|
|
|
| LEADER |
00000nab a2200000u 4500 |
| 001 |
vtls011884117 |
| 003 |
SK-MaSNL |
| 005 |
20260304233134.0 |
| 008 |
190828|20190722xo ||||||| || ||slo| |
| 038 |
|
|
|a KEVKJB
|
| 040 |
|
|
|a KEVKJB
|b slo
|e rda
|
| 041 |
0 |
|
|a slo
|
| 043 |
|
|
|a e-xo---
|
| 044 |
|
|
|a xo
|c SK
|
| 072 |
|
7 |
|a 364-1/-7
|x Druhy sociálnej pomoci a služieb
|2 konspekt
|
| 080 |
|
|
|a 364-7
|2 2011
|
| 100 |
1 |
|
|a Lendel, Michal
|4 aut
|9 1086422
|
| 245 |
1 |
0 |
|a Nie sme hrozba, odkazujú obyvatelia charity odporcom nového chudobinca
|b aby sa mohli odraziť od dna, potrebujú pomoc
|c Michal Lendel
|
| 300 |
|
|
|b Fotografie
|
| 336 |
|
|
|a text
|b txt
|2 rdacontent
|
| 337 |
|
|
|a bez média
|b n
|2 rdamedia
|
| 338 |
|
|
|a zväzok
|b nc
|2 rdacarrier
|
| 610 |
2 |
7 |
|a Arcidiecézna charita (Košice, Slovensko)
|2 kevkjb
|9 878755
|
| 610 |
2 |
7 |
|a Charitný dom sv. Alžbety pre bezdomovcov, Bosákova ulica (Košice, Slovensko)
|2 kevkjb
|9 1052215
|
| 650 |
0 |
7 |
|a charitatívna činnosť
|2 kevkjb
|9 67695
|
| 650 |
0 |
7 |
|a bezdomovci
|2 kevkjb
|9 23044
|
| 650 |
0 |
7 |
|a sociálne služby
|2 kevkjb
|9 3721
|
| 651 |
|
7 |
|a Košice (Slovensko)
|2 kevkjb
|9 18694
|
| 773 |
0 |
|
|t Korzár
|g Roč. XXII., č. 168 (22.7.2019), s. 3
|x 2585-7355
|
| 852 |
|
|
|a KEVKJB
|b KIS3GCP
|
| 856 |
4 |
1 |
|u https://kosice.korzar.sme.sk/c/22172255/nie-sme-pritaz-ani-hrozba-odkazuju-obyvatelia-charity-odporcom-noveho-chudobinca.html
|
| 999 |
|
|
|c 3197421
|d 3199351
|